Flags of the Greater Antilles - Statistics

General Stats
  • This quiz has been taken 127 times
  • The average score is 5 of 5
Answer Stats
Picture Answer % Correct
Jamaica
100%
Bahamas
97%
Cuba
96%
Haiti
96%
Dominican Republic
93%
No matching quizzes found
Score Distribution
Percent of People with Each Score
Percentile by Number Answered
Your Score History
You have not taken this quiz